[Event "Antofagasta Zicosur op 4th"]
[Site "Antofagasta"]
[Date "2019.01.09"]
[Round "8"]
[White "Carcamo Calderon, Jose Ignacio"]
[Black "Plaza Villar, Hervo"]
[Result "1-0"]
[WhiteElo "1809"]
[BlackElo "1558"]
[PlyCount "42"]
[EventDate "2019.01.04"]
[EventType "swiss"]
[EventRounds "10"]
[EventCountry "CHI"]
[SourceTitle "CBM 190 Extra"]
[Source "ChessBase"]
[SourceDate "2019.07.15"]
[SourceVersion "1"]
[SourceVersionDate "2019.07.15"]
[SourceQuality "1"]

1. d4 d5 2. c4 e5 3. dxe5 d4 4. Nf3 Nc6 5. g3 Nge7 6. Bg2 Ng6 7. Bg5 Be7 8. Bxe7 Qxe7 9. Nxd4 Qb4+ 10. Nc3 Ncxe5 11. Qa4+ Qxa4 12. Nxa4 c6 13. b3 0-0 14. 0-0-0 Rb8 15. h3 Rd8 16. f4 Nd7 17. Nf5 Ngf8 18. Ne7+ Kh8 19. f5 Re8 20. Nxc8 Rxe2 21. Bf1 Rxa2 1-0

[Event "Antofagasta Zicosur op 4th"]
[Site "Antofagasta"]
[Date "2019.01.08"]
[Round "7"]
[White "Plaza Villar, Hervo"]
[Black "Descarrega Zacarias, Vanessa"]
[Result "0-1"]
[WhiteElo "1558"]
[BlackElo "1839"]
[PlyCount "37"]
[EventDate "2019.01.04"]
[EventType "swiss"]
[EventRounds "10"]
[EventCountry "CHI"]
[SourceTitle "CBM 190 Extra"]
[Source "ChessBase"]
[SourceDate "2019.07.15"]
[SourceVersion "1"]
[SourceVersionDate "2019.07.15"]
[SourceQuality "1"]

1. e4 c5 2. Nc3 a6 3. f4 b5 4. d3 Bb7 5. g3 g6 6. Bg2 Bg7 7. Nh3 e6 8. 0-0 Ne7 9. Rb1 0-0 10. Be3 d6 11. Qd2 Nd7 12. Ne2 Nb6 13. b3 Qc7 14. c3 Nd7 15. Rfc1 Nf6 16. Nf2 Nd7 17. Nh3 a5 18. d4 e5 19. dxc5 0-1

[Event "Antofagasta Zicosur op 4th"]
[Site "Antofagasta"]
[Date "2019.01.06"]
[Round "3"]
[White "Plaza Villar, Hervo"]
[Black "Castellanos Villela, Alejandro"]
[Result "0-1"]
[WhiteElo "1558"]
[BlackElo "1937"]
[PlyCount "46"]
[EventDate "2019.01.04"]
[EventType "swiss"]
[EventRounds "10"]
[EventCountry "CHI"]
[SourceTitle "CBM 190 Extra"]
[Source "ChessBase"]
[SourceDate "2019.07.15"]
[SourceVersion "1"]
[SourceVersionDate "2019.07.15"]
[SourceQuality "1"]

1. e4 c5 2. Nc3 Nc6 3. f4 g6 4. Bc4 Bg7 5. Nf3 e6 6. 0-0 Nge7 7. Qe1 0-0 8. d3 a6 9. a3 Nd4 10. Qh4 Nxc2 11. f5 Nxf5 12. Qh3 Nfe3 13. e5 Nxf1 14. Bh6 Nxa1 15. Ng5 Qxg5 16. Bxg5 Bxe5 17. Kxf1 d5 18. Ba2 Nc2 19. Be7 Re8 20. Bxc5 Nd4 21. Qe3 Nc6 22. h4 d4 23. Qh6 dxc3 0-1